000 00245nam a2200097Ia 4500
082 _aEJF SMIT
245 0 _aSolitary
100 _a SMITH, Alexander Gordon London, 2009
_955527
942 _cBK
008 210817s9999 xx 000 0 und d
999 _c174611
_d174609